| 000 | 00696nam a2200169 a 4500 | ||
|---|---|---|---|
| 008 | 060712s2003 ||||||||||||||||| || u | ||
| 020 | _a9211335418 | ||
| 050 | _aUNO(02) | ||
| 110 | _aUnited Nations Economic and Social Affairs (UNESA) | ||
| 245 | 1 | 0 |
_aSummaries of judgments, advisory opinions and orders of the international court of justice _cby United Nations |
| 246 | _a1997-2002 | ||
| 260 |
_aNew York: _bUNITED NATIONS _c2003 |
||
| 300 | _avii;272p.; ill. | ||
| 350 | _a0.00 | ||
| 650 | _aJUSTICE, ADMINISTRATION OF | ||
| 995 |
_D0.00 _FCBU-MAIN LIBRARY (Kitwe) _H1 _I0.00 _M1 _UAVAILABLE _WJul 12, 2006 _ZInternational Publications |
||
| 999 |
_c59078 _d59078 |
||